Encyclopedia of teacher education : teacher training concepts :
| Main Author: | |
|---|---|
| Format: | Book |
| Published: |
New Delhi :
A P H Publishing Corporation ,
2008
|
| Subjects: |
MARC
| LEADER | 00000cam a2200000 7i4500 | ||
|---|---|---|---|
| 001 | 0000039211 | ||
| 005 | 20131212.0 | ||
| 008 | 131212 | ||
| 020 | |a 8131300528 | ||
| 090 | 0 | 0 | |a 371.1 |b BAN |
| 100 | 1 | |a Bansal, Harish | |
| 245 | 1 | 0 | |a Encyclopedia of teacher education : |b teacher training concepts : |b vol. II |c Dr. Harish Bansal |
| 260 | |a New Delhi : |b A P H Publishing Corporation , |c 2008 | ||
| 650 | 0 | |a Education |x Encyclopedia | |
| 650 | 0 | |a Teacher |x Encyclopedia | |
| 999 | |a 0001257443 |b Book |c Adult Collection |e Perbadanan Perpustakaan Awam Johor | ||